La polémica ingenieros-arquitectos en España, siglo XIX / (Record no. 34455)

MARC details
000 -LEADER
campo de control de longitud fija 00694nam a2200205 i 4500
001 - NÚMERO DE CONTROL
campo de control 34455
003 - IDENTIFICADOR DE NÚMERO DE CONTROL
campo de control ES-MaACL
005 - FECHA Y HORA DE LA ÚLTIMA TRANSACCIÓN
campo de control 20230906154934.0
007 - CAMPO FIJO DE DESCRIPCIÓN FÍSICA--INFORMACIÓN GENERAL
campo de control de longitud fija t|
008 - DATOS DE LONGITUD FIJA--INFORMACIÓN GENERAL
campo de control de longitud fija 030207s1985 sp ||||1| spa d
020 ## - NÚMERO INTERNACIONAL ESTÁNDAR DEL LIBRO
Número Internacional Estándar del Libro 84-7584-7506-149-4
100 1# - ENTRADA PRINCIPAL--NOMBRE DE PERSONA
Nombre de persona Bonet Correa, Antonio.
9 (RLIN) 30126
245 13 - MENCIÓN DEL TÍTULO
Título La polémica ingenieros-arquitectos en España, siglo XIX /
Mención de responsabilidad, etc. Antonio Bonet Correa, Soledad Lorenzo Fornies, Fátima Miranda Regojo.
260 ## - PUBLICACIÓN, DISTRIBUCIÓN, ETC.
Lugar de publicación, distribución, etc. Madrid :
Nombre del editor, distribuidor, etc. Turner, etc.,
Fecha de publicación, distribución, etc. 1985.
300 ## - DESCRIPCIÓN FÍSICA
Extensión 432 p., [8] p. de lám. ;
Dimensiones 21 cm.
504 ## - NOTA DE BIBLIOGRAFÍA, ETC.
Nota de bibliografía, etc. Bibliografía.
700 1# - ENTRADA AGREGADA--NOMBRE PERSONAL
Nombre de persona Lorenzo Forniés, Soledad.
9 (RLIN) 74185
700 1# - ENTRADA AGREGADA--NOMBRE PERSONAL
Nombre de persona Miranda Regojo, Fátima.
9 (RLIN) 81557
852 ## - LOCALIZACIÓN
Ubicación ES-MaACL
Número de control de estantería L-9127
Sublocalización o colección R.110531
Holdings
Estatus retirado Estado de pérdida Estado de daño No para préstamo Biblioteca de origen Biblioteca actual Ubicación en estantería Fecha de adquisición Fuente de adquisición Total de préstamos Signatura topográfica completa Código de barras Visto por última vez Precio de reemplazo Tipo de ítem Koha
        Biblioteca del Ateneo de Madrid Biblioteca del Ateneo de Madrid Depósito 2 17/01/2008     L-9127 1035941 23/02/2023 23/02/2023 Libro impreso